000 00664nam a2200241Ia 4500
003 OSt
005 20220926010229.0
006 a|||||r|||| 00| 0
007 ta
008 220923b |||||||| |||| 00| 0 eng d
037 _cGeneral Book
040 _aRTL
_cRTL
_beng
041 _2eng
_aeng
082 _aV2:34.N75, L7
100 _aThakur Janardan
245 0 _aAll the Prime Minister's men
260 _a New Delhi
_bVikas Publishing House Pvt. India
_c1977
300 _aix,182p.
_ccm.
500 _aInde:p.175-82
650 _aFunctions India
942 _hV2:34.N75, L7
_cGB
_2CC
999 _c616795
_d616795